000 00842nam a2200217 4500
008 170804b xxu||||| |||| 00| 0 eng d
020 _a0-15-300560-2
082 _21995
_aDC 372.6
_bM31
100 _921626
_aManzo, Anthony V
245 _aTeaching children to be literate :
_ba reflective approach /
_cAnthony V. Manzo, Ula C. Manzo
260 _aFort Worth :
_bHarcourt Brace College Publishers,
_c©1995.
300 _axvii, 595, [72] pages :
_billustrations ;
_c24 cm.
500 _aIncludes bibliographical references (p. [597-638]) and indexes.
650 0 _921627
_aReading (Elementary)
650 0 _921628
_aLiteracy
650 0 _921629
_aLanguage arts (Elementary)
650 0 _921630
_aCritical thinking -- Study and teaching (Elementary)
700 _921631
_aManzo, Ula Casale
365 _b3,065.00
_cPhp
942 _2ddc
_cDC
999 _c7159
_d7159